| 000 | 00492nam a2200181Ia 4500 | ||
|---|---|---|---|
| 001 | 18103 | ||
| 003 | IN-NITTTR | ||
| 005 | 20251114233211.0 | ||
| 008 | 251113s9999||||xx |||||||||||||| ||eng|| | ||
| 040 | _beng | ||
| 040 | _cIN-NITTTR | ||
| 041 | _aeng | ||
| 082 | _a670.427 M 46 C | ||
| 100 | _aMedland, A. J. | ||
| 245 | 0 |
_aCAD/CAm in practice : _b a manager's guide to understanding and using CAD/CAM. / _cMedland, A. J., Burnett, Piers |
|
| 700 | _a Burnett, Piers | ||
| 942 |
_2ddc _cBK |
||
| 999 |
_c20737 _d20737 |
||